Consumer behaviour : (Record no. 3978)

MARC details
000 -LEADER
fixed length control field 00620nam a2200193 ar4500
001 - CONTROL NUMBER
control field 3980
005 - DATE AND TIME OF LATEST TRANSACTION
control field 20221127090843.0
008 - FIXED-LENGTH DATA ELEMENTS--GENERAL INFORMATION
fixed length control field 140916s xxua 00110 eng d
020 ## - INTERNATIONAL STANDARD BOOK NUMBER
International Standard Book Number 9780135153369(pbk)
082 04 - DEWEY DECIMAL CLASSIFICATION NUMBER
Classification number 658.8342
Item number So47 2009
100 1# - MAIN ENTRY--PERSONAL NAME
Personal name Solomon, Michael R.
245 10 - TITLE STATEMENT
Title Consumer behaviour :
Remainder of title buying, having, and being /
Statement of responsibility, etc. M. R. Solomon.
250 ## - EDITION STATEMENT
Edition statement 8th ed.
260 ## - PUBLICATION, DISTRIBUTION, ETC.
Place of publication, distribution, etc. Uppler Saddle River, NJ :
Name of publisher, distributor, etc. Pearson/Prentice Hall,
Date of publication, distribution, etc. 2009.
300 ## - PHYSICAL DESCRIPTION
Extent 720 p. :
Other physical details ill.(chiefly col.) ;
Dimensions 28 cm.
504 ## - BIBLIOGRAPHY, ETC. NOTE
Bibliography, etc. note Includes bibl. references and index.
650 #4 - SUBJECT ADDED ENTRY--TOPICAL TERM
Topical term or geographic name entry element Consumer behavior.
650 #4 - SUBJECT ADDED ENTRY--TOPICAL TERM
Topical term or geographic name entry element Marketing
General subdivision Management.
Holdings
Withdrawn status Lost status Source of classification or shelving scheme Damaged status Not for loan Home library Current library Date acquired Total Checkouts Full call number Barcode Date last seen Copy number Price effective from Koha item type
              11/27/2022   658.8342 So47 2009 1000000009095 11/27/2022 C1 11/27/2022 Book